| 000 | 00443cam a2200181 4500 | ||
|---|---|---|---|
| 001 | D11785 | ||
| 008 | 090401t xxu||||| |||| 00| 0 eng d | ||
| 035 | _a(Sirsi) u99607 | ||
| 041 | _aeng | ||
| 050 | _a346.4104343 | ||
| 100 | _aWheeler, T.C. | ||
| 245 | _aRent review provision in leases | ||
| 350 | _a0 | ||
| 520 | _aIn: The Blundell Memorial Lectures April-May 1976 | ||
| 700 | _aBernstein, Ronald | ||
| 942 | _n0 | ||
| 948 | _c04/03/1997 | ||
| 999 |
_c99401 _d99401 |
||